Indian women freedom fighters 1857-1947 / (Record no. 134020)

MARC details
000 -LEADER
fixed length control field 00749nam a22002417a 4500
005 - DATE AND TIME OF LATEST TRANSACTION
control field 20170124110219.0
010 ## - LIBRARY OF CONGRESS CONTROL NUMBER
LC control number A-298465
020 ## - INTERNATIONAL STANDARD BOOK NUMBER
Terms of availability 00.00
035 ## - SYSTEM CONTROL NUMBER
System control number A-298465
037 ## - SOURCE OF ACQUISITION
Source of stock number/acquisition Cen Lib/Ret
040 ## - CATALOGING SOURCE
Original cataloging agency DPL
Language of cataloging EN
082 ## - DEWEY DECIMAL CLASSIFICATION NUMBER
Classification number 920
Item number USH
100 ## - MAIN ENTRY--PERSONAL NAME
Personal name Usha Bala
9 (RLIN) 28850
245 ## - TITLE STATEMENT
Title Indian women freedom fighters 1857-1947 /
Statement of responsibility, etc by Usha Bala [and] Anshu Sharma
260 ## - PUBLICATION, DISTRIBUTION, ETC. (IMPRINT)
Place of publication, distribution, etc New Delhi
Name of publisher, distributor, etc Manohar publications
Date of publication, distribution, etc 1986
270 ## - ADDRESS
City New Delhi
Address 1,ansari road Daryaganj
Postal code 110002
300 ## - PHYSICAL DESCRIPTION
Extent 207p.
Dimensions 21cm(Hb)
500 ## - GENERAL NOTE
General note Includes bibliographical references and index
650 ## - SUBJECT ADDED ENTRY--TOPICAL TERM
Topical term or geographic name as entry element Women
Geographic subdivision India
9 (RLIN) 5070
650 ## - SUBJECT ADDED ENTRY--TOPICAL TERM
Topical term or geographic name as entry element Freedom fighters
Geographic subdivision India
9 (RLIN) 39561
700 ## - ADDED ENTRY--PERSONAL NAME
Personal name Sharma, Anshu
9 (RLIN) 39562
942 ## - ADDED ENTRY ELEMENTS (KOHA)
Source of classification or shelving scheme Dewey Decimal Classification
Koha item type English Books
Classification part 920
Call number suffix USH
Holdings
Withdrawn status Lost status Damaged status Not for loan Collection code Home library Current library Date acquired Source of acquisition Cost, normal purchase price Total Checkouts Full call number Barcode Date last seen Copy number Cost, replacement price Price effective from Koha item type
      Not For Loan Reference Central Library Central Library 28/07/2015 Cen Lib/Ret 0.00   920 USH A-298465 28/07/2015 1 0.00 28/07/2015 English Books

© Delhi Public Library
Hit Counter
free hit counter